RAZDAN VIRUS, A NEW UNGROUPED BUNYAVIRUS ISOLATED FROM DERMACENTOR MARGINATUS TICKS IN ARMENIA

Bibliographic Details
Main Authors: Lvov, D. K. (Author), Chubkova, A. L. (Author), Berezina, L. K. (Author), Klimenko, S. M. (Author), Skvortsova, T. M. (Author), Zakaryan, V. A. (Author), Gromashevsky, V. L. (Author), Gofman, Yu. P. (Author)
Format: Article
Language:English

MARC

LEADER 00000nab a2200000uu 4500
001 vtls011456422
003 SK-MaSNL
005 20260303214212.0
008 230222|1978 xo |||||||||||||||||eng|
015 |a SNBRB 
035 |a (urnnbn)urn:nbn:sk:snk:ar-a08100 
035 |a (uuid)58c27e7d-1e2e-47d9-aa74-ede75f0aa3fb 
035 |a urn:nbn:sk:snk-abcr8t 
040 |a SNKBUCL  |b slo  |c SNKBUCL  |e AACR2 
041 0 |a eng 
044 |a xo  |c SK 
100 1 |a Lvov, D. K.  |4 aut  |9 922492 
245 1 0 |a RAZDAN VIRUS, A NEW UNGROUPED BUNYAVIRUS ISOLATED FROM DERMACENTOR MARGINATUS TICKS IN ARMENIA  |c D. K. Lvov, V. L. Gromashevsky, V. A. Zakaryan, T. M. Skvortsova, L. K. Berezina, Yu. P. Gofman, S. M. Klimenko, A. L. Chubkova 
700 1 |a Chubkova, A. L.  |4 aut  |9 1248942 
700 1 |a Berezina, L. K.  |4 aut  |9 1000985 
700 1 |a Klimenko, S. M.  |4 aut  |9 1000987 
700 1 |a Skvortsova, T. M.  |4 aut  |9 1176524 
700 1 |a Zakaryan, V. A.  |4 aut  |9 1207562 
700 1 |a Gromashevsky, V. L.  |4 aut  |9 1199289 
700 1 |a Gofman, Yu. P.  |4 aut  |9 1176525 
773 0 |t Acta virologica  |g Roč. 22, č. 6 (1978), s. 506-508 
958 |a OND 
958 |a EUIPO 
958 |a article16 
999 |c 2215868  |d 2217798